| 000 | 00357nam a2200145Ia 4500 | ||
|---|---|---|---|
| 008 | 230917s9999||||xx |||||||||||||| ||und|| | ||
| 040 |
_e60171 _aMAIN |
||
| 041 | _aEnglish | ||
| 082 | _a954.02 S23H | ||
| 100 | _aSharma, S P | ||
| 245 | 0 | _aHistory of medieval India | |
| 260 |
_aNew Delhi _bMohit Publications _c1999 |
||
| 300 | _av, 375 p. | ||
| 942 | _cBK | ||
| 999 |
_c107790 _d107790 |
||